[Event "C.to Europeo U18 femminile"]
[Site "Batumi GEO"]
[Date "2014.10.22"]
[Round "4"]
[White "Miracola, Giorgia"]
[Black "Vanagaite, Giedre"]
[WhiteElo "1841"]
[BlackElo "2062"]
[Result "0-1"]
[PlyCount "106"]
[EventDate "2014.10.19"]

1. e4 c5 2. Nf3 e6 3. c4 a6 4. Be2 d6 5. d4 cxd4 6. Nxd4 Nf6 7. Nc3 Be7 8. O-O
b6 9. b3 Bb7 10. f3 Qc7 11. Bb2 Nbd7 12. Rc1 Rc8 13. Qd2 O-O 14. Rfd1 Qb8 15.
Nc2 Rfd8 16. Ne3 Bc6 17. Bf1 Ne5 18. Kh1 b5 19. cxb5 axb5 20. Qe2 b4 21. Nb5
Ng6 22. Nd4 Bb7 23. Qb5 d5 24. exd5 Nxd5 25. Nxd5 Bxd5 26. Nc6 Bxc6 27. Rxd8+
Rxd8 28. Qxc6 Bg5 29. Re1 Rc8 30. Qe4 Bf4 31. g3 Bd6 32. Bc4 Qa8 33. Kg2 Qxe4
34. fxe4 Ra8 35. Ra1 Ra5 36. Bd4 Kf8 37. Kf2 Ne7 38. Kf3 Nc6 39. Bb6 Ne5+ 40.
Ke2 Nxc4 41. bxc4 Ra3 42. Bd4 f6 43. Bb2 Ra5 44. Kf3 Ke7 45. h3 Kd7 46. g4 Kc6
47. Ke3 h5 48. Kd3 hxg4 49. hxg4 Rg5 50. Rc1 Rxg4 51. Bd4 Bc5 52. Bxc5 Kxc5 53.
Rc2 Rg3+ 0-1

[Event "C.to Europeo U18 femminile"]
[Site "Batumi GEO"]
[Date "2014.10.26"]
[Round "7"]
[White "Voischeva, Zinaida"]
[Black "Miracola, Giorgia"]
[WhiteElo "1959"]
[BlackElo "1841"]
[Result "1-0"]
[PlyCount "43"]
[EventDate "2014.10.19"]

1. e4 Nf6 2. e5 Nd5 3. c4 Nb6 4. d4 d6 5. f4 g6 6. Nf3 Bg7 7. Be3 Be6 8. Nbd2
O-O 9. Be2 Bf5 10. Nh4 Be6 11. O-O Na6 12. f5 Bc8 13. e6 gxf5 14. Nxf5 fxe6 15.
Nxg7 Kxg7 16. Rxf8 Qxf8 17. Bd3 Kh8 18. Bxh7 Kxh7 19. Qh5+ Kg8 20. Rf1 Qg7 21.
Qe8+ Kh7 22. Rf4 1-0

[Event "I Open La Piazzetta"]
[Site "Casalpusterlengo ITA"]
[Date "2014.10.03"]
[Round "1"]
[White "Andolfatto, Maria"]
[Black "Tirelli, Mauro"]
[WhiteElo "1715"]
[BlackElo "2098"]
[Result "0-1"]
[PlyCount "56"]
[EventDate "2014.10.03"]

1. Nf3 Nf6 2. d4 e6 3. Bg5 c5 4. e3 Nc6 5. c3 Be7 6. Bd3 b6 7. Nbd2 Bb7 8. O-O
O-O 9. Bc2 cxd4 10. cxd4 Nb4 11. Bb3 Rc8 12. Bc4 Nc6 13. Bb3 h6 14. Bh4 Ne8 15.
Bg3 Nd6 16. a3 b5 17. Rc1 Na5 18. Ba2 Nac4 19. Nxc4 Nxc4 20. Bxc4 bxc4 21. Qa4
Bd5 22. Nd2 Qb6 23. Nxc4 Qb7 24. f3 Bc6 25. Qd1 Bb5 26. Nd6 Bxd6 27. Bxd6 Rxc1
28. Qxc1 Rc8 0-1

[Event "I Open La Piazzetta"]
[Site "Casalpusterlengo ITA"]
[Date "2014.10.03"]
[Round "1"]
[White "Bongiorni, Gabriele"]
[Black "Poletti, Guido"]
[WhiteElo "1800"]
[BlackElo "1541"]
[Result "1/2-1/2"]
[PlyCount "157"]
[EventDate "2014.10.03"]

1. d4 Nf6 2. c4 g6 3. Nc3 Bg7 4. Nf3 O-O 5. e4 d6 6. Be2 Nc6 7. O-O e5 8. d5
Ne7 9. b4 c6 10. Qc2 cxd5 11. cxd5 a5 12. bxa5 Qxa5 13. Bd2 Qd8 14. Rfb1 Nd7
15. Nb5 Nc5 16. Be3 b6 17. Nd2 Ba6 18. Bxc5 bxc5 19. a4 f5 20. f3 Kh8 21. Nc4
Bxb5 22. axb5 Rxa1 23. Rxa1 fxe4 24. fxe4 Nc8 25. Rf1 Nb6 26. Rxf8+ Bxf8 27.
Bd3 Nxc4 28. Bxc4 Qa5 29. Kf1 Be7 30. Ke2 Kg7 31. Qb3 Bd8 32. Qh3 Qa7 33. Qc8
Qc7 34. Qa8 Qd7 35. h3 Kh6 36. Qc6 Qc7 37. Ke3 Bg5+ 38. Kd3 Bd8 39. Qe8 Kg7 40.
Qc6 Kf7 41. Kc2 Ke7 42. Be2 Qa7 43. Qa6 Qc7 44. Kb3 Qa5 45. Qxa5 Bxa5 46. Kc2
Kf6 47. Kd3 Kg5 48. g3 h5 49. h4+ Kh6 50. g4 hxg4 51. Bxg4 Kg7 52. Be2 Bb6 53.
Ke3 Kf6 54. Kf3 Ba7 55. Kg4 Bb6 56. h5 gxh5+ 57. Kxh5 Ba7 58. Kh6 Bb6 59. Kh7
Kf7 60. Bh5+ Ke7 61. Kg6 c4 62. Bd1 Kd7 63. Bc2 c3 64. Kg5 Kc7 65. Kg4 Ba5 66.
Bd3 Kb6 67. Kf3 Kc5 68. Ke2 Kd4 69. Bc2 Kc4 70. Bd3+ Kb3 71. Kd1 Bb6 72. Bc2+
Kc4 73. Ke2 Kxb5 74. Kd3 Bd4 75. Bd1 Kb4 76. Bc2 Ka3 77. Bd1 Kb2 78. Bc2 Kc1
79. Bb3 1/2-1/2

[Event "I Open La Piazzetta"]
[Site "Casalpusterlengo ITA"]
[Date "2014.10.03"]
[Round "1"]
[White "Carrai, Giacomo"]
[Black "Scotti, Luigi"]
[WhiteElo "1755"]
[BlackElo "1443"]
[Result "1-0"]
[PlyCount "123"]
[EventDate "2014.10.03"]

1. Nf3 g6 2. c4 Bg7 3. Nc3 d6 4. g3 b6 5. Bg2 Bb7 6. O-O e6 7. d4 Ne7 8. e4 Nd7
9. Qc2 O-O 10. Bf4 a6 11. Rad1 h6 12. e5 g5 13. Be3 Qc8 14. exd6 cxd6 15. Qb3
Nc6 16. Qa3 Qc7 17. Rc1 Ne7 18. Ne2 Qb8 19. h4 g4 20. Nd2 Bxg2 21. Kxg2 Qb7+
22. Kg1 Nf5 23. Bf4 e5 24. dxe5 dxe5 25. Be3 Rfc8 26. Qd3 Nxe3 27. Qxe3 Nc5 28.
b4 Ne6 29. Nc3 Nd4 30. Nde4 Rd8 31. Nd2 Nf5 32. Qe4 Qxe4 33. Ndxe4 Nd4 34. Kg2
f5 35. Nd2 e4 36. Nd5 Rab8 37. Nb3 Kf7 38. Nxd4 Bxd4 39. Rfd1 Bb2 40. Rb1 Bg7
41. b5 a5 42. Nf4 Bf8 43. Rd5 Rxd5 44. Nxd5 Bc5 45. a4 Re8 46. Re1 Kg6 47. Nf4+
Kf7 48. Nd5 Kg6 49. Rd1 Kf7 50. Re1 Kg6 51. Rd1 Kf7 52. Ne3 Kg6 53. Kf1 Re5 54.
Ke2 Kf6 55. Rd8 Kg7 56. Rd7+ Kf6 57. Rb7 Kg6 58. Nd5 Re8 59. Ne3 Rd8 60. Nd5
Re8 61. h5+ Kg5 62. Rg7+ 1-0

[Event "I Open La Piazzetta"]
[Site "Casalpusterlengo ITA"]
[Date "2014.10.03"]
[Round "1"]
[White "Castrogiovanni, Carlo"]
[Black "Giuria, Abramo"]
[WhiteElo "1971"]
[BlackElo "1714"]
[Result "1/2-1/2"]
[PlyCount "67"]
[EventDate "2014.10.03"]

1. d4 d5 2. c4 c6 3. Nc3 Nf6 4. Nf3 e6 5. e3 Nbd7 6. Bd3 dxc4 7. Bxc4 b5 8. Bd3
a6 9. e4 Be7 10. O-O O-O 11. Bf4 c5 12. e5 Nd5 13. Nxd5 exd5 14. dxc5 Nxc5 15.
Bc2 Bg4 16. Be3 Rc8 17. h3 Be6 18. Nd4 Qd7 19. f4 f5 20. exf6 Bxf6 21. Nxe6
Qxe6 22. Bxc5 Rxc5 23. Qd3 Qe4 24. Qxe4 dxe4 25. Bxe4 Bd4+ 26. Kh1 Bxb2 27.
Rad1 Rc7 28. Rd6 a5 29. Rd5 Rc4 30. Bd3 Rcxf4 31. Rxf4 Rxf4 32. Rxb5 Bc3 33.
Rc5 Bb4 34. Rc4 1/2-1/2

[Event "I Open La Piazzetta"]
[Site "Casalpusterlengo ITA"]
[Date "2014.10.03"]
[Round "1"]
[White "Ferrari, Claudio"]
[Black "Trifoni, Giorgio"]
[WhiteElo "1948"]
[BlackElo "1682"]
[Result "1-0"]
[PlyCount "67"]
[EventDate "2014.10.03"]

1. e4 c5 2. d4 cxd4 3. c3 dxc3 4. Nxc3 a6 5. Bc4 e6 6. Nf3 Nc6 7. O-O Nge7 8.
Bf4 Ng6 9. Bg3 Be7 10. Qe2 b5 11. Bb3 O-O 12. Rfd1 Qb6 13. h4 Bf6 14. e5 Bd8
15. Bc2 b4 16. Ne4 a5 17. Neg5 Nce7 18. h5 h6 19. Nxf7 Kxf7 20. hxg6+ Nxg6 21.
Bxg6+ Kxg6 22. Qe4+ Kf7 23. Qxa8 Be7 24. Qe4 Bb7 25. Qh7 Bxf3 26. gxf3 Ke8 27.
Qg6+ Rf7 28. Rxd7 Kf8 29. Rad1 Rxf3 30. Rxe7 Rxg3+ 31. Qxg3 Kxe7 32. Qxg7+ Ke8
33. Rd7 Qc5 34. Qf7# 1-0

[Event "I Open La Piazzetta"]
[Site "Casalpusterlengo ITA"]
[Date "2014.10.03"]
[Round "1"]
[White "Folcini, Gaddo"]
[Black "Speciale, Francesco"]
[WhiteElo "1614"]
[BlackElo "1871"]
[Result "0-1"]
[PlyCount "64"]
[EventDate "2014.10.03"]

1. e4 e6 2. d4 d5 3. Nc3 Nf6 4. Bg5 Be7 5. Bxf6 Bxf6 6. e5 Be7 7. Qg4 g6 8. h4
h5 9. Qg3 c5 10. Bd3 cxd4 11. Nce2 Nc6 12. Nf3 Bd7 13. O-O Qb6 14. Ng5 Bxg5 15.
Qxg5 Qd8 16. Qg3 Qe7 17. c3 dxc3 18. bxc3 Rg8 19. Rab1 Rb8 20. c4 dxc4 21. Bxc4
a6 22. Rfd1 Qc5 23. Rbc1 Qxe5 24. Qd3 Rd8 25. Qa3 g5 26. Rd6 b5 27. Bxe6 fxe6
28. Rdxc6 Bxc6 29. Qxa6 Ba8 30. Nc3 gxh4 31. Nxb5 Rxg2+ 32. Kf1 Rxf2+ 0-1

[Event "I Open La Piazzetta"]
[Site "Casalpusterlengo ITA"]
[Date "2014.10.03"]
[Round "1"]
[White "Losi, Paolo"]
[Black "Egli, Urs"]
[WhiteElo "1705"]
[BlackElo "1957"]
[Result "0-1"]
[PlyCount "46"]
[EventDate "2014.10.03"]

1. d4 d6 2. Nf3 Nd7 3. Bf4 Ngf6 4. h3 c6 5. c3 Qc7 6. Nbd2 e5 7. dxe5 dxe5 8.
Bh2 b5 9. e3 Bd6 10. Qc2 O-O 11. Bd3 Nc5 12. Rd1 Nxd3+ 13. Qxd3 Rd8 14. Qc2 Qe7
15. e4 Nh5 16. O-O Qf6 17. Nb3 Nf4 18. Bxf4 Qxf4 19. Nbd2 Be6 20. b3 Bc5 21. g3
Qxg3+ 22. Kh1 Bxf2 23. Nh2 Bxh3 0-1

[Event "I Open La Piazzetta"]
[Site "Casalpusterlengo ITA"]
[Date "2014.10.03"]
[Round "1"]
[White "Marchesotti, Giovanni"]
[Black "Bignami, Venanzio"]
[WhiteElo "1462"]
[BlackElo "1757"]
[Result "1/2-1/2"]
[PlyCount "99"]
[EventDate "2014.10.03"]

1. Nf3 d5 2. g3 c6 3. Bg2 e6 4. O-O Nd7 5. d3 Ngf6 6. Re1 h6 7. e4 dxe4 8. dxe4
Be7 9. Nc3 O-O 10. e5 Nd5 11. Nxd5 cxd5 12. Be3 Nb6 13. b3 Qc7 14. Qd2 Bd7 15.
a3 Rfc8 16. Rec1 Bc6 17. Bd4 Nd7 18. Qe3 b6 19. c4 Qb7 20. b4 dxc4 21. Rxc4 Bd5
22. Rcc1 Rxc1+ 23. Rxc1 Bg5 24. Nxg5 Bxg2 25. f3 hxg5 26. Kxg2 g4 27. Kf2 gxf3
28. Qxf3 Qxf3+ 29. Kxf3 Nf8 30. a4 Ng6 31. a5 bxa5 32. bxa5 a6 33. Ke4 Ne7 34.
Rc7 Nd5 35. Ra7 Rxa7 36. Bxa7 Kf8 37. Bc5+ Ke8 38. h4 Nc3+ 39. Kd3 Nd5 40. Ke4
f5+ 41. exf6 gxf6 42. g4 Kf7 43. h5 Kg7 44. Bd4 Kh6 45. Bxf6 Nxf6+ 46. Ke5
Nxg4+ 47. Kxe6 Ne3 48. Kd6 Nc4+ 49. Kc5 Nxa5 50. Kb6 1/2-1/2

[Event "I Open La Piazzetta"]
[Site "Casalpusterlengo ITA"]
[Date "2014.10.03"]
[Round "1"]
[White "Nordio, Giorgio"]
[Black "Maraschi, Alberto"]
[WhiteElo "1718"]
[BlackElo "1339"]
[Result "1-0"]
[PlyCount "121"]
[EventDate "2014.10.03"]

1. c4 c6 2. g3 d5 3. Bg2 dxc4 4. Nf3 b5 5. O-O Bb7 6. Qc2 Nf6 7. Rd1 e6 8. d3
cxd3 9. Rxd3 Qc7 10. Bf4 Qc8 11. Nbd2 c5 12. b3 Nd5 13. a3 Nd7 14. Be5 Ba6 15.
e4 N5b6 16. Rc3 Be7 17. Bxg7 Rg8 18. Bd4 Qd8 19. Be3 Bf6 20. e5 Nxe5 21. Nxe5
Bxe5 22. Bxa8 Bxc3 23. Bc6+ Nd7 24. Qxc3 Qc7 25. Bxd7+ Qxd7 26. Qxc5 Bb7 27.
Qe5 Qc6 28. f3 Ke7 29. Qc5+ Qxc5 30. Bxc5+ Kd7 31. Ne4 Rg6 32. Bxa7 f5 33. Nc5+
Kc7 34. Nxb7 Kxb7 35. Be3 e5 36. Rd1 f4 37. Bf2 Kc6 38. Kg2 h5 39. Rc1+ Kd6 40.
Rc5 fxg3 41. hxg3 h4 42. Rxb5 Rg7 43. Kh3 hxg3 44. Bxg3 Rh7+ 45. Kg2 Kc6 46.
Rxe5 Rb7 47. b4 Ra7 48. b5+ Kd6 49. Rh5+ Ke6 50. b6 Rxa3 51. b7 Ra2+ 52. Kh3
Rb2 53. b8=Q Rxb8 54. Bxb8 Kf6 55. Re5 Kg6 56. Kg4 Kf6 57. Bc7 Kg6 58. Re6+ Kf7
59. Kf5 Kg7 60. Rf6 Kh7 61. Rg6 1-0

[Event "I Open La Piazzetta"]
[Site "Casalpusterlengo ITA"]
[Date "2014.10.03"]
[Round "1"]
[White "Raimondi, Celso"]
[Black "Falsetti, Paolo"]
[WhiteElo "1643"]
[BlackElo "1886"]
[Result "0-1"]
[PlyCount "96"]
[EventDate "2014.10.03"]

1. d4 d5 2. c4 c6 3. Nc3 Nf6 4. Nf3 dxc4 5. a4 Bf5 6. e3 e6 7. Bxc4 Bb4 8. O-O
O-O 9. Bd3 Nbd7 10. Bxf5 exf5 11. Qc2 Qa5 12. Na2 Ne4 13. Nxb4 Qxb4 14. Nd2
Rfe8 15. Qb3 Qb6 16. a5 Nxd2 17. Qxb6 Nf3+ 18. gxf3 axb6 19. Bd2 bxa5 20. Rxa5
Rxa5 21. Bxa5 Ra8 22. Bc3 Nf6 23. b3 Kf8 24. Ra1 Rxa1+ 25. Bxa1 Ke7 26. Kf1 Kd6
27. Ke2 Kd5 28. Kd3 g5 29. Bc3 g4 30. Ke2 Ne8 31. Bb4 h5 32. Be7 Nc7 33. Bh4
Nb5 34. fxg4 fxg4 35. Kd3 Nd6 36. Bf6 Ne4 37. Bh4 f5 38. Ke2 c5 39. dxc5 Nxc5
40. b4 Na6 41. Be7 Kc4 42. f3 Nxb4 43. fxg4 hxg4 44. Kf2 Nd5 45. Bg5 Kd3 46.
Kg3 b5 47. h3 gxh3 48. Kxh3 b4 0-1

[Event "I Open La Piazzetta"]
[Site "Casalpusterlengo ITA"]
[Date "2014.10.03"]
[Round "1"]
[White "Tagliaferri, Valerio"]
[Black "Guasconi, Lelio"]
[WhiteElo "1875"]
[BlackElo "1618"]
[Result "0-1"]
[PlyCount "82"]
[EventDate "2014.10.03"]

1. d4 b6 2. e4 e6 3. Bc4 Be7 4. Nc3 d6 5. Be3 Nd7 6. Nge2 Bb7 7. f3 Ngf6 8. Bb3
a6 9. Qd2 c5 10. O-O h6 11. a4 Nh7 12. d5 e5 13. Ng3 g6 14. Rae1 h5 15. f4 Bh4
16. Nce2 Qe7 17. c4 O-O-O 18. a5 b5 19. cxb5 axb5 20. Rc1 Ba6 21. f5 Nhf6 22.
Bg5 Bxg5 23. Qxg5 Rdg8 24. Rf2 Kd8 25. h4 Nh7 26. Qxe7+ Kxe7 27. Rc3 g5 28.
hxg5 Nxg5 29. Bc2 Nf6 30. Re3 Ng4 31. f6+ Kd7 32. Ref3 Nxf3+ 33. Rxf3 Rg6 34.
Rf5 h4 35. Nf1 h3 36. g3 b4 37. Bd1 Rxf6 38. Rxf6 Nxf6 39. Nd2 Ng4 40. Nf3 Bd3
41. Ng5 h2+ 0-1

[Event "I Open La Piazzetta"]
[Site "Casalpusterlengo ITA"]
[Date "2014.10.03"]
[Round "1"]
[White "Vecchio, Paolo L."]
[Black "Marzatico, Luca"]
[WhiteElo "1429"]
[BlackElo "1738"]
[Result "0-1"]
[PlyCount "126"]
[EventDate "2014.10.03"]

1. Nf3 Nf6 2. g3 d5 3. d4 g6 4. Bg2 Bg7 5. O-O O-O 6. Re1 Be6 7. Nc3 c6 8. Nd2
Ng4 9. e3 Qc8 10. f3 Nxe3 11. Rxe3 Bxd4 12. Qe2 Bxe3+ 13. Qxe3 Qd8 14. Ne2 Qb6
15. Qxb6 axb6 16. Nd4 Bd7 17. Nf1 e5 18. Nb3 Na6 19. c3 Nc5 20. Nxc5 bxc5 21.
a3 f5 22. Nd2 b6 23. Nf1 d4 24. c4 b5 25. Nd2 Be6 26. b3 bxc4 27. bxc4 Ra4 28.
Bf1 Rb8 29. Rb1 Rxb1 30. Nxb1 Bxc4 31. Nd2 Bxf1 32. Kxf1 c4 33. Ke2 Kf7 34. h4
Ke6 35. Kd1 Kd5 36. Ke2 d3+ 37. Ke3 c3 38. Nb1 Kc4 39. f4 exf4+ 40. gxf4 d2 41.
Nxd2+ cxd2 42. Kxd2 Kb3 43. Ke3 Rc4 44. Bd2 Kxa3 45. Kd3 Rc5 46. Be3 Rb5 47.
Kc4 Ka4 48. Bc5 Rb1 49. Be7 Rc1+ 50. Kd4 Kb5 51. Bf8 c5+ 52. Ke5 c4 53. Kf6 Rg1
54. Kg7 h5 55. Be7 c3 56. Bf6 c2 57. Bb2 Kc4 58. Ba3 Kb3 59. Bc1 Rxc1 60. Kxg6
Rf1 61. Kxf5 c1=Q 62. Kg5 Qxf4+ 63. Kxh5 Qf5+ 0-1

[Event "I Open La Piazzetta"]
[Site "Casalpusterlengo ITA"]
[Date "2014.10.04"]
[Round "2"]
[White "Andolfatto, Maria"]
[Black "Vecchio, Paolo L."]
[WhiteElo "1715"]
[BlackElo "1429"]
[Result "1-0"]
[PlyCount "108"]
[EventDate "2014.10.03"]

1. Nf3 Nf6 2. g3 g6 3. Bg2 Bg7 4. O-O O-O 5. d4 d5 6. Nbd2 c6 7. Re1 Bf5 8. c3
Qc8 9. Nh4 h6 10. Nxf5 Qxf5 11. e4 Qd7 12. e5 Nh7 13. f4 e6 14. Bh3 Qe7 15. Nf3
Nd7 16. Qd3 c5 17. Be3 c4 18. Qc2 b5 19. g4 g5 20. f5 Qe8 21. f6 Bh8 22. Bf1 a5
23. Qd2 Ndxf6 24. exf6 Bxf6 25. Bf2 Ra6 26. Ne5 Bd8 27. Bg3 Nf6 28. h4 Ne4 29.
Qg2 f6 30. Nf3 Qe7 31. hxg5 fxg5 32. Be5 Qf7 33. Nd2 Nxd2 34. Qxd2 Qf3 35. Qe2
h5 36. Qxf3 Rxf3 37. Be2 hxg4 38. Bxf3 gxf3 39. Kf2 Ra7 40. Kxf3 Rf7+ 41. Kg3
Kh7 42. Rf1 Rf5 43. Rxf5 exf5 44. b3 a4 45. bxc4 bxc4 46. Rb1 Ba5 47. Rb5 Bxc3
48. Rxd5 Be1+ 49. Kf3 c3 50. Rc5 Kg6 51. d5 Kh5 52. d6 g4+ 53. Kg2 Kg5 54. d7
c2 1-0

[Event "I Open La Piazzetta"]
[Site "Casalpusterlengo ITA"]
[Date "2014.10.04"]
[Round "2"]
[White "Bignami, Venanzio"]
[Black "Tagliaferri, Valerio"]
[WhiteElo "1757"]
[BlackElo "1875"]
[Result "0-1"]
[PlyCount "178"]
[EventDate "2014.10.03"]

1. e4 c5 2. Nf3 Nc6 3. d4 cxd4 4. Nxd4 e6 5. c3 d5 6. exd5 Qxd5 7. Be3 Bd7 8.
Nd2 a6 9. Qf3 Qxf3 10. N4xf3 Nf6 11. Nc4 Nd5 12. Nb6 Nxe3 13. fxe3 Rd8 14.
O-O-O Bc5 15. Nxd7 Bxe3+ 16. Kc2 Rxd7 17. Bd3 g6 18. Rhe1 Bh6 19. Re4 O-O 20.
h4 Rd5 21. g4 Rfd8 22. g5 Bg7 23. a3 Ne5 24. Nxe5 Rxe5 25. Rxe5 Bxe5 26. Re1
Bg3 27. Re4 Rd7 28. Rg4 Bd6 29. Rc4 Rc7 30. Rd4 Be7 31. Re4 Kf8 32. Kd2 Bd6 33.
Kc2 Ke7 34. Bc4 Rc5 35. Kd3 Rf5 36. Ke3 Bc5+ 37. Kd3 a5 38. b4 Bb6 39. a4 Rf3+
40. Kc2 axb4 41. cxb4 Bc7 42. Be2 Rf4 43. Kd3 Rxe4 44. Kxe4 Bd6 45. b5 b6 46.
h5 f5+ 47. gxf6+ Kxf6 48. hxg6 Kxg6 49. Bc4 Kf6 50. Be2 Bc5 51. Bg4 e5 52. Bf3
Bd4 53. Bd1 Kg5 54. Kf3 h5 55. Bc2 h4 56. Bd3 Kf6 57. Ke4 h3 58. Bf1 h2 59. Bg2
Kg5 60. Kf3 Kf5 61. Bh3+ Kf6 62. Bg2 Ke6 63. Ke4 Kd6 64. Kd3 Kc5 65. Be4 Kb4
66. Bc6 Kxa4 67. Kc4 Ka3 68. Be4 Kb2 69. Kd3 Kb3 70. Ke2 Kb4 71. Bc6 h1=Q 72.
Bxh1 Kxb5 73. Kd3 Kb4 74. Kc2 Kc4 75. Be4 b5 76. Bd3+ Kb4 77. Be4 Ka3 78. Kb1
b4 79. Bd3 b3 80. Bf5 Kb4 81. Kc1 Kc3 82. Be4 Be3+ 83. Kb1 b2 84. Bc2 Bc1 85.
Bg6 Kd4 86. Kc2 e4 87. Bh5 Ke3 88. Bd1 Kf2 89. Bh5 e3 0-1

[Event "I Open La Piazzetta"]
[Site "Casalpusterlengo ITA"]
[Date "2014.10.04"]
[Round "2"]
[White "Egli, Urs"]
[Black "Carrai, Giacomo"]
[WhiteElo "1957"]
[BlackElo "1755"]
[Result "1-0"]
[PlyCount "73"]
[EventDate "2014.10.03"]

1. e4 Nf6 2. d3 e5 3. Nf3 Nc6 4. g3 Bc5 5. Bg2 O-O 6. O-O d5 7. Qe2 Re8 8. c3
Bb6 9. h3 dxe4 10. dxe4 Qe7 11. Nbd2 a6 12. Nc4 Ba7 13. Nh4 Qe6 14. Ne3 Ne7 15.
Nhf5 c6 16. Rd1 Bb8 17. g4 Ng6 18. Nc4 Bc7 19. g5 Nd7 20. Ncd6 Rd8 21. Bf3 Ndf8
22. Bg4 Bxd6 23. Nxd6 Qe7 24. Nxc8 Raxc8 25. Bxc8 Rxc8 26. Qg4 Ne6 27. Be3 Rc7
28. Rd2 Ngf8 29. Rad1 g6 30. h4 Kg7 31. f4 exf4 32. Bxf4 Nxf4 33. Qxf4 Qc5+ 34.
Kg2 Ne6 35. Qf6+ Kg8 36. Rd8+ Nf8 37. Rxf8+ 1-0

[Event "I Open La Piazzetta"]
[Site "Casalpusterlengo ITA"]
[Date "2014.10.04"]
[Round "2"]
[White "Falsetti, Paolo"]
[Black "Ferrari, Claudio"]
[WhiteElo "1886"]
[BlackElo "1948"]
[Result "0-1"]
[PlyCount "54"]
[EventDate "2014.10.03"]

1. d4 d5 2. c4 e5 3. dxe5 d4 4. Nf3 Nc6 5. g3 Nge7 6. Bg5 h6 7. Bxe7 Bxe7 8.
Bg2 O-O 9. O-O f6 10. exf6 Bxf6 11. Qd3 Qe7 12. a3 a5 13. Nbd2 a4 14. Ne4 Bf5
15. Nxf6+ Qxf6 16. Qd1 d3 17. exd3 Bg4 18. d4 Bxf3 19. Bxf3 Qxf3 20. d5 Ne5 21.
Qd4 Ng6 22. Qc5 Nf4 23. gxf4 Rxf4 24. Rfe1 Rg4+ 25. Kf1 Qd3+ 26. Re2 Re8 27.
Rae1 Qh3# 0-1

[Event "I Open La Piazzetta"]
[Site "Casalpusterlengo ITA"]
[Date "2014.10.04"]
[Round "2"]
[White "Giuria, Abramo"]
[Black "Bongiorni, Gabriele"]
[WhiteElo "1714"]
[BlackElo "1800"]
[Result "1-0"]
[PlyCount "167"]
[EventDate "2014.10.03"]

1. e4 c5 2. Nf3 d6 3. d4 cxd4 4. Nxd4 Nf6 5. Nc3 g6 6. f4 Nc6 7. Nxc6 bxc6 8.
Be2 Qc7 9. O-O Bg7 10. Be3 Rb8 11. Rb1 h5 12. h3 h4 13. Bd4 e5 14. Be3 Nh5 15.
Bxh5 Rxh5 16. f5 Bh6 17. Bxh6 Rxh6 18. Qd2 Rh5 19. Qe2 Qe7 20. b3 Rg5 21. fxg6
Rxg6 22. Rf3 Be6 23. Qf2 Rb7 24. Rd1 Qd8 25. Rfd3 Rd7 26. Qe3 Rg3 27. Qh6 Rxd3
28. Qh8+ Ke7 29. Qxh4+ Ke8 30. Qxd8+ Rxd8 31. cxd3 f5 32. exf5 Bxf5 33. d4 e4
34. d5 Kd7 35. Kf2 cxd5 36. Nxd5 Rc8 37. Rd2 Be6 38. Nf6+ Ke7 39. Nxe4 d5 40.
Ng5 Rf8+ 41. Ke3 Bg8 42. g3 Rf1 43. h4 Re1+ 44. Re2 d4+ 45. Kd2+ Rxe2+ 46. Kxe2
Kd6 47. Kd3 Kd5 48. h5 Ke5 49. Nf3+ Kf5 50. Nxd4+ Kg4 51. Ne2 Kxh5 52. Ke3 Kg4
53. Kf2 Bd5 54. Nc3 Bc6 55. b4 a6 56. a4 Kf5 57. b5 axb5 58. axb5 Bb7 59. Ke3
Kg4 60. Ne2 Bf3 61. Nd4 Bd5 62. Kf2 Bb7 63. b6 Kg5 64. Nb3 Kf6 65. Nc5 Bc6 66.
b7 Bxb7 67. Nxb7 Kg5 68. Kf3 Kf5 69. Nc5 Kg5 70. Na4 Kf5 71. Nc3 Kg5 72. Ne4+
Kf5 73. g4+ Kg6 74. Kf4 Kg7 75. Kg5 Kh7 76. Nd6 Kg7 77. Nf5+ Kh7 78. Kf6 Kg8
79. Ne7+ Kh8 80. Kf7 Kh7 81. Nf5 Kh8 82. g5 Kh7 83. g6+ Kh8 84. g7+ 1-0

[Event "I Open La Piazzetta"]
[Site "Casalpusterlengo ITA"]
[Date "2014.10.04"]
[Round "2"]
[White "Guasconi, Lelio"]
[Black "Nordio, Giorgio"]
[WhiteElo "1618"]
[BlackElo "1718"]
[Result "1/2-1/2"]
[PlyCount "58"]
[EventDate "2014.10.03"]

1. d4 c6 2. b3 d5 3. Nf3 Nf6 4. e3 Bf5 5. Be2 e6 6. c4 a5 7. a3 Nbd7 8. O-O Be7
9. Nc3 O-O 10. Nh4 Bg6 11. Nxg6 hxg6 12. Bd3 Qc7 13. f4 Nb6 14. Bd2 Rfd8 15. c5
Nbd7 16. b4 axb4 17. axb4 b5 18. Qc2 Rdb8 19. Ra2 Ra7 20. Rfa1 Rba8 21. Bc1 Qb8
22. Qb3 Ne8 23. Rxa7 Rxa7 24. Ra3 Nc7 25. Qa2 Rxa3 26. Qxa3 Qb7 27. Bd2 Nf6 28.
h3 Nd7 29. g3 Nf6 1/2-1/2

[Event "I Open La Piazzetta"]
[Site "Casalpusterlengo ITA"]
[Date "2014.10.04"]
[Round "2"]
[White "Maraschi, Alberto"]
[Black "Losi, Paolo"]
[WhiteElo "1339"]
[BlackElo "1705"]
[Result "1-0"]
[PlyCount "69"]
[EventDate "2014.10.03"]

1. e4 c5 2. Nf3 Nc6 3. d4 cxd4 4. Nxd4 Nf6 5. Nc3 d6 6. Bb5 Bd7 7. b3 a6 8.
Bxc6 Bxc6 9. Nxc6 bxc6 10. Bb2 Qc7 11. Qf3 e5 12. O-O-O Be7 13. h4 h5 14. Rd3
a5 15. Ba3 O-O 16. Qd1 Rfd8 17. f3 a4 18. Nxa4 c5 19. c4 Rdb8 20. Bb2 Qb7 21.
Nc3 Ra6 22. Kb1 Rba8 23. a4 Rc6 24. g4 Qd7 25. g5 Ne8 26. Nd5 Qe6 27. Re1 Bf8
28. f4 g6 29. Ree3 Ra7 30. Qf3 Bg7 31. f5 Qd7 32. fxg6 fxg6 33. Qh3 Qxh3 34.
Rxh3 Nc7 35. Ne7+ 1-0

[Event "I Open La Piazzetta"]
[Site "Casalpusterlengo ITA"]
[Date "2014.10.04"]
[Round "2"]
[White "Poletti, Guido"]
[Black "Marchesotti, Giovanni"]
[WhiteElo "1541"]
[BlackElo "1462"]
[Result "1/2-1/2"]
[PlyCount "42"]
[EventDate "2014.10.03"]

1. Nf3 c5 2. g3 d5 3. Bg2 Nc6 4. O-O Nf6 5. d4 e6 6. dxc5 Bxc5 7. c3 O-O 8. b4
Bd6 9. Na3 Qe7 10. Nb5 Bb8 11. Qc2 a6 12. Nbd4 Nxd4 13. Nxd4 Bd7 14. e4 Rc8 15.
exd5 Nxd5 16. Bxd5 exd5 17. Bb2 Qe4 18. Qxe4 dxe4 19. Rfe1 Re8 20. Rad1 Ba7 21.
Re3 Bg4 1/2-1/2

[Event "I Open La Piazzetta"]
[Site "Casalpusterlengo ITA"]
[Date "2014.10.04"]
[Round "2"]
[White "Scotti, Luigi"]
[Black "Raimondi, Celso"]
[WhiteElo "1443"]
[BlackElo "1643"]
[Result "0-1"]
[PlyCount "70"]
[EventDate "2014.10.03"]

1. d4 Nf6 2. Nf3 g6 3. Nbd2 Bg7 4. e4 d6 5. Bd3 O-O 6. O-O Nbd7 7. c3 e5 8. b4
Nh5 9. g3 Qe8 10. Re1 f5 11. exf5 gxf5 12. Bc4+ Kh8 13. Ng5 Nb6 14. Bb3 Qg6 15.
Ndf3 f4 16. Bc2 Bf5 17. Bxf5 Rxf5 18. Ne4 Rff8 19. Nh4 Qf7 20. Ng5 Qe8 21. Qd3
Nf6 22. gxf4 Qh5 23. Qg3 Bh6 24. Nhf3 exd4 25. cxd4 Rae8 26. Bd2 Nc4 27. Bc3
Nd5 28. Rxe8 Rxe8 29. Be1 Rf8 30. Bd2 Nxd2 31. Nxd2 Nxf4 32. Qf3 Qxg5+ 33. Kh1
Qd5 34. Qxd5 Nxd5 35. Rg1 Bxd2 0-1

[Event "I Open La Piazzetta"]
[Site "Casalpusterlengo ITA"]
[Date "2014.10.04"]
[Round "2"]
[White "Speciale, Francesco"]
[Black "Castrogiovanni, Carlo"]
[WhiteElo "1871"]
[BlackElo "1971"]
[Result "1/2-1/2"]
[PlyCount "48"]
[EventDate "2014.10.03"]

1. d4 Nf6 2. c4 c5 3. e3 cxd4 4. exd4 d5 5. Nc3 Nc6 6. Be3 e6 7. a3 Be7 8. Nf3
O-O 9. h3 dxc4 10. Bxc4 a6 11. O-O b5 12. Bd3 Bb7 13. Rc1 Rc8 14. Qe2 Nd5 15.
Ne4 Nxe3 16. fxe3 Qb6 17. Kh1 Na5 18. Ne5 Qd8 19. Rxc8 Qxc8 20. Nc5 Bxc5 21.
dxc5 Nc6 22. Nf3 Ne7 23. b4 f6 24. Qc2 g6 1/2-1/2

[Event "I Open La Piazzetta"]
[Site "Casalpusterlengo ITA"]
[Date "2014.10.04"]
[Round "2"]
[White "Tirelli, Mauro"]
[Black "Marzatico, Luca"]
[WhiteElo "2098"]
[BlackElo "1738"]
[Result "1-0"]
[PlyCount "87"]
[EventDate "2014.10.03"]

1. d4 Nf6 2. Bg5 c5 3. d5 Ne4 4. Bf4 Qb6 5. Bc1 g6 6. f3 Nf6 7. e4 d6 8. Na3
Bg7 9. Nc4 Qc7 10. a4 O-O 11. Bg5 a5 12. Ne2 Na6 13. Nc3 b6 14. Be2 Qb7 15. Ra3
Rb8 16. O-O Bd7 17. Qd2 Qa7 18. h3 Kh8 19. Rb3 Ng8 20. Nb5 Bxb5 21. Rxb5 Nc7
22. Rb3 Bd4+ 23. Kh1 f5 24. e5 Nxd5 25. c3 dxe5 26. cxd4 exd4 27. Ne5 Qc7 28.
Bf4 Nxf4 29. Qxf4 Qd6 30. Bc4 Kg7 31. Re1 Nf6 32. Nd3 Nh5 33. Qe5+ Qxe5 34.
Rxe5 Rfe8 35. Kg1 e6 36. Rxe6 Rxe6 37. Bxe6 Kf6 38. Bc4 Re8 39. Rxb6+ Kg5 40.
Kf2 Re3 41. Rb5 Nf6 42. Rxc5 Kh4 43. Rxa5 Kg5 44. Re5 1-0